LEADER 01137nam a2200253 i 4500 001 000000156216 003 CaOOAMICUS 005 20061129000000.0 008 061129s1979 it u000 u ita u 013 $a133571 020 $a88-02-03480-X 040 $aSeMil$bita 100 1 $aManselli, Raoul <1917-1984>.$0(OLS)http://semarc/name/2282 245 10$aTomo secondo /$cRaoul Manselli. Dagli ungari al regno d'Ungheria (Capitolo 26.) / Edith Pasztor. 300 $aXVII, P. 666-1248, 36 c. di tav. 500 $aContiene : Fonti iconografiche. 700 1 $aPasztor, Edith <1925-2015>.$0(OLS)http://semarc/name/35645 773 0 $tNuova storia universale dei popoli e delle civiltà.$dTorino : Unione Tipografico-Editrice Torinese, 1969-1986.$g8$w()16922 773 0 $tEuropa medioevale.$dTorino : Unione Tipografico-Editrice, 1979-1983.$gTomo2$w()16924 850 $aSeMil 852 $aSeMil$W1$xVenegono$y1$mSL1.A I 8/2$j108018$B108018$CSeMilBibl$Z2$F117920 $8I 961 $aOmaggio: Villa don Cesare 996 $6020$a88-02-03480-X$9(OLS)http://semarc/number/146361 996 $6245$aTomo secondo$9(OLS)http://semarc/title/150151 LEADER 01151nam a2200253 i 4500 001 000000062456 003 CaOOAMICUS 005 20100623000000.0 008 100623s1972 it u000 u ita u 013 $a33628 040 $aSeMil$bita 245 10$aGenesi di una lettera pastorale :$b"Camminare insieme" del cardinale Pellegrino /$ca cura di Diego Novelli. 260 $aTorino :$bGruppo editoriale piemontese,$cstampa 1972. 300 $a211 p. ;$c19 cm. 490 0 $aStrumenti di lavoro ;$v10 600 14$aPellegrino, Michele .$0(OLS)http://semarc/subject/8154 650 4$aVescovi - Lettere pastorali.$0(OLS)http://semarc/subject/746 700 1 $aNovelli, Diego.$0(OLS)http://semarc/name/19104 830 0$aStrumenti di lavoro ;$v10.$0(OLS)http://semarc/title/7607 850 $aSeMil 852 $aSeMil$W1$xVenegono$y1$m2F V 181$j28609$B28609$CSeMilBibl$Z2$F28612 $81 961 $aOmaggio: Donazione 996 $6245$aGenesi di una lettera pastorale :$b"Camminare insieme" del cardinale Pellegrino$9(OLS)http://semarc/title/98315 996 $6260$aTorino :$bGruppo editoriale piemontese$9(OLS)http://semarc/publisher/35871